000 00755nam a2200205 i 4500
001 183534
003 ES-MaACL
005 20250804063442.0
008 140716s2013 sp | |||||||| | spa d
080 _a821.134.2-31"20"
100 1 _aReyes Martínez, Antonio,
_d1975-
_9154976
245 1 4 _aLas sendas imborrables /
_cAntonio Reyes.
260 _a[Jaén?] :
_bA. Reyes,
_cD.L. 2013 (
_eTorredonjimeno, Jaén :
_fGráfs. Águila)
300 _a301 p. ;
_c22 cm.
852 _aES-MaACL
_jA-13145
_9190475
_bR.149985
_cDEPO1
_dOlim:N-6145
_gDedicatoria :autógrafa del autor
_hdonación: del autor Antonio Reyes
903 _996559
_aReyes, Antonio
_ednr
942 _2udc
_cMONOGRAFIA
999 _c183534
_d183534